LEADER 01913nam 2200445 n 450 001 996391393703316 005 20200824121646.0 035 $a(CKB)4940000000104790 035 $a(EEBO)2240893465 035 $a(UnM)99852472e 035 $a(UnM)99852472 035 $a(EXLCZ)994940000000104790 100 $a19920501d1621 uy | 101 0 $aeng 135 $aurbn||||a|bb| 200 14$aThe assize of bread$b[electronic resource] $eTogether with sundrie good and needfull ordinances for bakers, brewers, inholders, victuallers, vintners, and butchers: and also other assizes in weights and measures ... Whereunto there are also added, sundrie good and needfull orders in making and retailing of all kinds of lawfull breads .. 205 $aNewly corrected and enlarged, from twelue pence the quarter of wheate, vnto three pound and sixe pence the quarter .. 210 $aLondon $cPrinted by William Stansby, and are to be sold by Iohn Budge in Paules Church-yard, at the signe of the Greene-Draggon$d1621 215 $a[54] p. $cill 300 $a"To all magistrates and others his Maiesties officers" signed: Iohn Powel. 300 $aSignatures: A-G? (-A1). 300 $aRunning title reads: The booke of assise. 300 $aImperfect; leaf G3 torn, leaf G4 lacking. 300 $aReproduction of the original in the British Library. 330 $aeebo-0018 606 $aBread$zEngland$vEarly works to 1800 606 $aWeights and measures$zEngland$vEarly works to 1800 606 $aBakers and bakeries$zEngland$vEarly works to 1800 615 0$aBread 615 0$aWeights and measures 615 0$aBakers and bakeries 701 $aPowel$b John$cgent.$01007033 801 0$bCu-RivES 801 1$bCu-RivES 801 2$bCStRLIN 801 2$bWaOLN 906 $aBOOK 912 $a996391393703316 996 $aThe assize of bread$92322124 997 $aUNISA LEADER 02366nam 2200673z- 450 001 9910566466603321 005 20220506 035 $a(CKB)5680000000037714 035 $a(oapen)https://directory.doabooks.org/handle/20.500.12854/81170 035 $a(oapen)doab81170 035 $a(EXLCZ)995680000000037714 100 $a20202205d2022 |y 0 101 0 $aeng 135 $aurmn|---annan 181 $ctxt$2rdacontent 182 $cc$2rdamedia 183 $acr$2rdacarrier 200 00$aExact Solutions in Classical Field Theory: Solitons, Black Holes and Boson Stars 210 $aBasel$cMDPI - Multidisciplinary Digital Publishing Institute$d2022 215 $a1 online resource (132 p.) 311 08$a3-0365-2975-6 311 08$a3-0365-2974-8 330 $aSpecial Issue in honour of Prof. Yves Brihaye, on the occasion of his 65th birthday. The issue is mainly dedicated to the study of compact objects and solutions to Einstein-Yang-Mills equations and extensions thereof, topics to which Prof. Y. Brihaye contributed very significantly. 517 $aExact Solutions in Classical Field Theory 606 $aPhysics$2bicssc 606 $aResearch & information: general$2bicssc 610 $aBEH field mass spectrum 610 $ablack holes 610 $aboson star 610 $aboson stars 610 $aChern-Simons gravity 610 $acoadjoint orbits 610 $aconformal group 610 $adeconfinement 610 $aDirac stars 610 $aEinstein-Maxwell-scalar theory 610 $aexact solutions 610 $agravity models 610 $ahigher curvature theories 610 $aLHC experiments 610 $aMatter-gravity coupling 610 $aNUT charge 610 $aPoincare? group 610 $aQ-ball 610 $ascalar fields 610 $asolitons 610 $aSpontaneous Symmetry Breaking 610 $awormholes 610 $aYang-Mills theory 615 7$aPhysics 615 7$aResearch & information: general 700 $aBoulanger$b Nicolas$4edt$01332381 702 $aCampoleoni$b Andrea$4edt 702 $aBoulanger$b Nicolas$4oth 702 $aCampoleoni$b Andrea$4oth 906 $aBOOK 912 $a9910566466603321 996 $aExact Solutions in Classical Field Theory: Solitons, Black Holes and Boson Stars$93040914 997 $aUNINA